000 00464nam a2200169Ia 4500
003 IN-BaIIA
008 211028s9999 xx 000 0 eng d
020 _a978-0-321-63812-0
040 _cIIA Library
080 _a52-13
_bJON
100 _aJones, Lauren
_934927
245 0 _aObservation exercises in astronomy
_cLauren Jones
260 _aBoston
_bAddison-Wesley
_c2011
300 _av, 114p.
650 _aAstronomy-Observation-Exercises
_934928
942 _cBK
999 _c18248
_d18248